| 000 | 00502nam a2200157 4500 | ||
|---|---|---|---|
| 082 | _aBSCS-2 SAB | ||
| 100 | _aHUZAIFA SABIR | ||
| 245 | _aPREDICTIVE ANALYTICS FOR ROAD TRAFFIC USING TELECOMMUNICATION DATA | ||
| 260 |
_aISLAMABAD _bNUST-SEECS _c2016 |
||
| 300 |
_a57p. _eCD INCLUDES |
||
| 563 | _aHB | ||
| 856 | _uhttp://10.250.8.41:8080/xmlui/handle/123456789/8906 | ||
| 942 |
_2ddc _cPR |
||
| 999 |
_c173079 _d173079 |
||